000 00885nas a2200289 4500
001 BR2012000129
003 BR-BrBNA
005 20231205115922.0
007 ta
008 230509b bl.|||p| |||| 00| 00por d
040 _aBR-BrBNA
_bpor
_cBiblioteca Nacional de Agricultura
041 _a(En)
072 _aL73
100 1 _aGamba, C.O.
100 1 _aDamasceno, K.A.
100 1 _aCampos, C.B.
100 1 _aFerreira, E.
100 1 _aCassali, G.D.
245 1 _aCystadenocarcinoma simulating hemangiosarcoma of the salivary gland in dog: case report
650 _aCÃO
650 _aGLANDULA SALIVAR
650 _aDIAGNÓSTICO
650 _aNEOPLASIA
773 0 _tArquivo Brasileiro de Medicina Veterinária e Zootecnia (Brazil)
_xISSN 0102-0935
_g(Jun 2011), v. 63(3) p. 574-578
_wBR2012000129
909 _a202311
_bLúcia
_c55
_dLúcia Elande
942 _2AGRIS
_n0
_cANA
999 _c216303
_d216303